Indian economy : Problems of development and planning (Record no. 41020)

MARC details
000 -LEADER
fixed length control field 00399nam a2200145Ia 4500
082 ## - DEWEY DECIMAL CLASSIFICATION NUMBER
Classification number 330.34(540)
Item number AGR
100 ## - MAIN ENTRY--AUTHOR NAME
Personal name Agrawal, A N
245 #0 - TITLE STATEMENT
Title Indian economy : Problems of development and planning
250 ## - EDITION STATEMENT
Edition statement Ed.22
260 ## - PUBLICATION, DISTRIBUTION, ETC. (IMPRINT)
Place of publication New Delhi
Name of publisher Wishwa Prakashan
Year of publication 1996
650 ## - SUBJECT ADDED ENTRY--TOPICAL TERM
Topical Term Industrial policy
650 ## - SUBJECT ADDED ENTRY--TOPICAL TERM
Topical Term Natural resources
942 ## - ADDED ENTRY ELEMENTS (KOHA)
Koha item type Books
Holdings
Withdrawn status Lost status Damaged status Not for loan Home library Current library Date acquired Cost, normal purchase price Full call number Accession Number Koha item type
        RRII Library RRII Library 16/12/2021 165.00 330.34(540) AGR 21312 Books